| 000 | 01072nam a2200301 a 4500 | ||
|---|---|---|---|
| 001 | 000039296 | ||
| 003 | DO-SdBNP | ||
| 005 | 20250630104810.0 | ||
| 007 | ta | ||
| 008 | 121008s2004 dr 001 f spa d | ||
| 020 | _a9968152609 | ||
| 040 |
_aDO-SdBNP _bspa _cBNPHU |
||
| 082 | 4 |
_aRD863.44 _bB511p _222 |
|
| 100 | 1 |
_aBerigüete, Marino, _d1962- _916526 |
|
| 245 | 1 | 3 |
_aEl plan Trujillo / _cMarino Berigüete. |
| 260 |
_aSanto Domingo : _bNorma, _c2004. |
||
| 300 |
_a227 p. ; _c21 cm. |
||
| 500 | _aIncluye datos biográficos del autor en la solapa de la cubierta. | ||
| 520 | 2 | _aObra de ficción basada en hechos históricos sobre Rafael Trujillo y su muerte. | |
| 590 | _aInventariado, 2020/MFF | ||
| 600 | 1 | 4 |
_aTrujillo Molina, Rafael Leónidas, _d1891-1961 _xNovela _912113 |
| 650 | 0 |
_aNovela dominicana _9223 |
|
| 650 | 4 |
_aHistoria en la literatura _91300 |
|
| 650 | 0 |
_aLiteratura dominicana. _967 |
|
| 651 | 0 |
_aREPÚBLICA DOMINICANA _xHISTORIA _yERA DE TRUJILLO, 1930-1961 _xNOVELA _921999 |
|
| 910 | _aValidado. Control de calidad EMS | ||
| 942 |
_2ddc _cLBS1 |
||
| 999 |
_c38786 _d38786 |
||